Singapore : supporting industries 2007/ 08.
| Format: | Book |
|---|---|
| Published: |
Singapore:
Singapore Information Services,
2007.
|
| Subjects: |
| LEADER | 00484cam a2200133 7i4500 | ||
|---|---|---|---|
| 001 | 0000020090 | ||
| 005 | 20071228090000.0 | ||
| 090 | 0 | 0 | |a CD 338.025 |b SIN [SING] |
| 245 | 0 | 0 | |a Singapore : |b supporting industries 2007/ 08. |
| 260 | 0 | 0 | |a Singapore: |b Singapore Information Services, |c 2007. |
| 300 | # | # | |a Electronic computer optical disc(CD-ROM). |
| 650 | 0 | 0 | |a Supporting industries -- |x Directories -- |z Singapore |
| 651 | 0 | 0 | |a Singapore |
| 999 | |a CDR000632H |b CD-ROM |c AV Collection |e Business Information Centre | ||